Основы анализа электрических цепей. Линейные цепи: учебное пособие

Dettagli Bibliografici
Autore principale: Матханов П. Н. Платон Николаевич
Lingua:russo
Pubblicazione: Москва, Высшая школа, 1990
Edizione:3-е изд., перераб. и доп.
Soggetti:
Natura: Libro
KOHA link:https://koha.lib.tpu.ru/cgi-bin/koha/opac-detail.pl?biblionumber=33679

MARC

LEADER 00000nam0a2200000 4500
001 33679
005 20231101210200.0
010 |a 5060006794 
035 |a (RuTPU)RU\TPU\book\34040 
035 |a BOOK00000691 
090 |a 33679 
100 |a 20011210d1990 m y0rusy50 ca 
101 0 |a rus 
102 |a RU 
105 |a y j 000zy 
200 1 |a Основы анализа электрических цепей. Линейные цепи  |e учебное пособие  |f П. Н. Матханов 
205 |a 3-е изд., перераб. и доп. 
210 |a Москва  |c Высшая школа  |d 1990 
215 |a 400 с. 
606 1 |a Электрические цепи, линейные  |x Анализ  |2 stltpush  |3 (RuTPU)RU\TPU\subj\27765  |9 51464 
610 1 |a электротехника 
610 1 |a электрические цепи 
610 1 |a линейные цепи 
610 1 |a учебные пособия 
675 |a 621.3.011.71(075.8)  |v 3 
700 1 |a Матханов  |b П. Н.  |g Платон Николаевич 
801 0 |a RU  |b 63413507  |c 20011210  |g PSBO 
801 2 |a RU  |b 63413507  |c 20201010  |g PSBO 
900 |a Теоретические основы электротехники 
900 |a Теоретическая электротехника 
900 |a Теория электрических цепей и сигналов 
900 |a Методы анализа и расчета электронных схем 
942 |c BK